Statistics for Sniper Elite 4 Trivia

Click here to take the quiz!

General Stats

  • This quiz has been taken 51 times
  • The average score is 11 of 44

Answer Stats

QuestionAnswer% Correct
In which country does Sniper Elite 4 take place?Italy
94%
What is the name of the main character?Karl Fairburne
65%
DifficultyCadet (Easy)
44%
What are the Nazis stealing from the monastery?Art
38%
What is the name of the general you must kill in mission #1?General Tobias Schmidt
38%
Who must you kill to prove your loyalty to the Mafia?Piero Capo
38%
Who is the Nazi rocket scientist you must pull out of mission #6?Andreas Kessler
35%
DifficultyAuthentic (Hardcore)
35%
Who is stealing from the shipments while they are in the dockyard?The Mafia
35%
Where are they transporting the shipment?Allagra
32%
DifficultySniper Elite (Hard)
32%
Who is the leader of the Partisans?Sofia di Rocco (The Angel)
32%
What must you destroy in mission #3?The railway gun
32%
DifficultyMarksman (Normal)
29%
What are the Germans transporting from the dockyard?Missile guidance components
29%
What is the name of the Allied ship destroyed by the Germans?Orchidea
29%
DLC #1Target Führer
29%
What disease is ravaging the Partisans?Typhus
29%
DifficultyAuthentic Plus
26%
1San Celini Island
26%
What is the name of the Italian Anti-Fascist resistance movement?The Partisans
26%
Who is the mastermind behind the Nazi rocket plot?General Heinz Böhm
24%
8Allagra Fortress
21%
TypeLast Letters
21%
2Bitanti Village
18%
4Lorino Dockyard
18%
5Abrunza Monastery
15%
TypeDeadeye Target
15%
TypeLetters from Home
15%
6Magazzeno Facility
15%
3Regilino Viaduct
15%
How must you identify the fortress for the bombers?Sabotage the plant
15%
TypeSniper Reports
15%
DifficultyCustom
12%
DLC #3Deathstorm 2: Infiltration
12%
DLC #4Deathstorm 3: Obliteration
12%
TypeDuty Roster
12%
7Giovi Fiorini Mansion
12%
TypeLetters to Home
12%
What is the name of the Mafia boss you must meet?Salvatore Dinelli
12%
DLC #2Deathstorm 1: Inception
9%
The mansion is the base of whom?Major Klaus Rothbauer
9%
Of what organization is Capo in charge?The Black Brigade
9%
TypeMisc. Documents
6%

Score Distribution

Percentile by Number Answered

Percent of People with Each Score

Your Score History

You have not taken this quiz